[Event "38th Olympiad"]
[Site "Dresden GER"]
[Date "2008.11.22"]
[Round "9"]
[White "Arakhamia,K"]
[Black "Abu Sufian,S"]
[Result "1-0"]
[WhiteElo "2448"]
[BlackElo "2418"]
[EventDate "2008.11.13"]

1. e4 c5 2. Nf3 Nc6 3. d4 cxd4 4. Nxd4 g6 5. c4 Nf6 6. Nc3 d6 7. Be2 Nxd4
8. Qxd4 Bg7 9. Be3 O-O 10. Qd2 Be6 11. f3 Nd7 12. O-O Nc5 13. Rfd1 a5 14.
b3 Qb6 15. Rab1 Qb4 16. Bd4 Bxd4+ 17. Qxd4 Qb6 18. Kh1 Nd7 19. Qd2 Qc5 20.
f4 f6 21. Nb5 Nb6 22. Nd4 Bd7 23. Rbc1 Rfd8 24. Bf3 Kh8 25. Ne2 Be6 26. Qb2
a4 27. e5 dxe5 28. fxe5 fxe5 29. Bxb7 Rxd1+ 30. Rxd1 Rb8 31. Bf3 axb3 32.
axb3 Qe3 33. Qc3 Qxc3 34. Nxc3 Nd7 35. Nb5 Nc5 36. b4 Na6 37. Bd5 Bd7 38.
Bf3 Be6 39. Bd5 Bd7 40. Be4 Bxb5 41. cxb5 Rxb5 42. Bd3 Rd5 43. b5 Nc5 44.
Be2 Rxd1+ 45. Bxd1 Nd7 46. Kg1 Kg7 47. Kf2 Kf6 48. Ke3 Nb6 49. Bb3 e6 50.
Ke4 Nd7 51. Bc2 Ke7 52. h4 Kd6 53. g4 Nf6+ 54. Kf3 Kc5 55. g5 Nd7 56. Bd3
Kd4 57. Be4 Nc5 58. b6 Nd7 59. b7 Kc5 60. Bxg6 hxg6 61. h5 gxh5 62. g6 e4+
63. Kxe4 1-0